Normal view
MARC view
- Godlewsli, P,Jabbari, Bigan,Lagrange, X
Entry Personal Name
001 - CONTROL NUMBER
- control field: 73962
003 - CONTROL NUMBER IDENTIFIER
- control field: NUST
005 - DATE AND TIME OF LATEST TRANSACTION
- control field: 20210628205118.0
008 - FIXED-LENGTH DATA ELEMENTS
- fixed length control field: 210628|| aca||aabn | a|a d
040 ## - CATALOGING SOURCE
- Original cataloging agency: NUST
- Transcribing agency: NUST
100 ## - HEADING--PERSONAL NAME
- Personal name: Godlewsli, P,Jabbari, Bigan,Lagrange, X
670 ## - SOURCE DATA FOUND
- Source citation: Work cat.: (NUST): Godlewsli, P,Jabbari, Bigan,Lagrange, X, Multiplier mobility and teletraffic for personal communications, 1996
